| 000 | 008800000a22003010004500 | ||
|---|---|---|---|
| 999 |
_c7410 _d7410 |
||
| 003 | LSTLib | ||
| 008 | 200724b ||||| |||| 00| 0 eng d | ||
| 020 | _a0379111101 | ||
| 041 | _aeng | ||
| 082 | _a342.73 NEW | ||
| 100 |
_aNewman, Edwin S. _98595 |
||
| 245 | _aCivil Liberty And Civil Rights | ||
| 250 | _a6th Ed. | ||
| 260 |
_aNew york _bOceana Publications Inc. _c1979 |
||
| 300 | _avi,122 p. | ||
| 440 |
_aLegal Almanac Series No.13 _913832 |
||
| 500 | _aIncludes Index | ||
| 650 |
_aLaw _9728 |
||
| 650 |
_aPersona Liberty _95628 |
||
| 650 |
_aAmendment Rights _913833 |
||
| 650 |
_aPrivacy Act Of 1974 _913834 |
||
| 650 |
_aReligious Freedom _91648 |
||
| 650 |
_aFederal Government _91440 |
||
| 650 |
_aHuman rights _916411 |
||
| 650 |
_aAmendment Rights _913833 |
||
| 700 |
_aSloan, Irving J. _eed _98596 |
||
| 942 |
_cBC _k342.73 _mNEW _2ddc |
||